000 00400nam a22001577a 4500
020 _a978935121578-3
082 _a823
_bMEL/M
100 _aMELVILLE, HERMAN
245 _aMOBY DICK
_bILLUSTRATED CLASSICS
246 _aMOBY DICK
_bILLUSTRATED CLASSICS
260 _aNEW DELHI
_bBPI INDIA PVT LTD
300 _a144
520 _aILLUSTRATED CLASSICS
650 _aILLUSTRATED CLASSICS
942 _cBK
999 _c2831
_d2831